| 000 | 00365nam a2200145Ia 4500 | ||
|---|---|---|---|
| 008 | 230917s9999||||xx |||||||||||||| ||und|| | ||
| 040 |
_e29359 _aMAIN |
||
| 041 | _aEnglish | ||
| 082 | _a709.54 L154L | ||
| 100 | _aMukhopadhyay, Amit, ed. | ||
| 245 | 0 | _aLalit Kala contemporary 39 | |
| 260 |
_aNew Delhi _bLalit Kala Akademi _c1994 |
||
| 300 | _a64 p. | ||
| 942 | _cBK | ||
| 999 |
_c97003 _d97003 |
||